| 000 | 01467nam0a22004451 4500 | ||
|---|---|---|---|
| 001 | RU\NLR\A1SV\86334 | ||
| 005 | 20251030084115.0 | ||
| 035 | _a(NLR Aleph) 009767736 | ||
| 090 |
_a10043725 _c10043725 |
||
| 100 | _a20080327d1926 u y0rusy50 ca | ||
| 101 | 1 |
_arus _cger |
|
| 102 | _aRU | ||
| 200 | 1 |
_aКоммунистический манифест _fК.Маркс и Ф.Энгельс _gС предисл. и прим. [Д.Рязанова] _gИн-т К.Маркса и Ф.Энгельса |
|
| 210 |
_aМ. _aЛ. _cГос. изд. _d1926 |
||
| 215 |
_a141, [2] с. _cил., портр. _d21 см |
||
| 225 |
_aБ-ка марксиста _fПод ред. Д.Рязанова _vВып.1 |
||
| 300 | _aНапеч. в Москве | ||
| 620 | _dСанкт-Петербург | ||
| 620 | _dМосква | ||
| 700 | 1 |
_aМаркс _bК. _f1818-1883 _gКарл |
|
| 701 | 1 |
_aЭнгельс _bФ. _f1820-1895 _gФридрих |
|
| 702 | 1 |
_aРязанов _bД. Б. _f1870-1938 _gДавид Борисович |
|
| 801 | 0 |
_aRU _bNLR _c20080327 |
|
| 852 |
_aNLR _jМЭ 1-48/2-42 |
||
| 852 |
_aNLR _jМЭ 1-48/2-42а |
||
| 899 | _aГОПБ | ||
| 899 | _aГПИБ | ||
| 899 | _aРГБ | ||
| 899 | _aВСИАХМЗ | ||
| 899 | _aАКУНБ | ||
| 899 | _aУОНБ | ||
| 899 | _aНБ ТГУ | ||
| 899 | _aНГОУНБ | ||
| 899 | _aСПбГУ | ||
| 899 | _aСамОУНБ | ||
| 899 | _aКирОУНБ | ||
| 942 | _cBOOK | ||
| 980 | _aA1SV | ||
| 980 | _aNB | ||